Every Artist To Feature On A Jack Harlow Album - Statistics

General Stats
  • This quiz has been taken 2 times
  • The average score is 13 of 23
Answer Stats
Album Track Artist % Correct
That's What They All Say Same Guy Adam Levine
100%
That's What They All Say Way Out Big Sean
100%
That's What They All Say Already Best Friends Chris Brown
100%
That's What They All Say Whats Poppin (Remix) DaBaby
100%
Come Home The Kids Miss You Churchill Downs Drake
100%
Come Home The Kids Miss You Parent Trap Justin Timberlake
100%
That's What They All Say Whats Poppin (Remix) Lil Wayne
100%
Come Home The Kids Miss You Movie Star Pharrell Williams
100%
That's What They All Say Whats Poppin (Remix) Tory Lanez
100%
Loose NUN FREE 2forwOyNE
50%
Confetti THRU THE NIGHT Bryson Tiller
50%
Loose DRIP DROP CyHi
50%
Confetti ROTTEN EST Gee
50%
Monica Move Along James Savage
50%
Sweet Action I WANNA SEE SOME ASS Jetsonmade
50%
That's What They All Say Face of My City Lil Baby
50%
That's What They All Say Luv Is Dro Static Major
50%
18 Never Woulda Known Johnny Spanish
0%
Loose PICKYOURPHONEUP K CAMP
0%
18 Obsessed Nemo Achida
0%
18 Obsessed Otis Junior
0%
Gazebo Wasted Youth Shloob
0%
Gazebo Tightrope Taylor
0%
No matching quizzes found
Score Distribution
Percent of People with Each Score
Percentile by Number Answered
Your Score History
You have not taken this quiz